[Event "15th EUR-ch (w)"]
[Site "Plovdiv BUL"]
[Date "2014.07.10"]
[Round "5.17"]
[White "Ptacnikova, Lenka"]
[Black "Milliet, Sophie"]
[Result "1/2-1/2"]
[WhiteElo "2310"]
[BlackElo "2406"]
[EventDate "2014.07.06"]
[PlyCount "69"]

1.c4 c5 2.g3 Nc6 3.Bg2 g6 4.Nc3 Bg7 5.Nf3 d6 6.O-O e5 7.Ne1 Be6 8.d3 Nge7 
9.Nd5 O-O 10.Nc2 Rb8 11.a4 a5 12.Bg5 f6 13.Bd2 h6 14.Rb1 f5 15.e3 Nb4 16.
Ncxb4 axb4 17.Nxe7+ Qxe7 18.b3 Qf7 19.d4 Kh7 20.d5 Bd7 21.f4 exf4 22.exf4 
Rfe8 23.Bf3 Re7 24.Qc2 Rbe8 25.Rfe1 Qf6 26.Rxe7 Rxe7 27.Qd3 Re8 28.Kf1 Kg8
29.h4 h5 30.Kg2 Kf8 31.Kf1 Kf7 32.Kg2 Kf8 33.Kf1 Kf7 34.Kg2 Kf8 35.Kf1 
1/2-1/2

[Event "15th EUR-ch (w)"]
[Site "Plovdiv BUL"]
[Date "2014.07.10"]
[Round "5.18"]
[White "Nikolova, Adriana"]
[Black "Daulyte, Deimante"]
[Result "1-0"]
[WhiteElo "2303"]
[BlackElo "2405"]
[EventDate "2014.07.06"]
[PlyCount "63"]

1.e4 e5 2.Nf3 Nc6 3.Bb5 a6 4.Ba4 Nge7 5.Nc3 d6 6.h3 Bd7 7.a3 h6 8.d4 Nxd4 
9.Bxd7+ Qxd7 10.Nxd4 exd4 11.Qxd4 Nc6 12.Qd3 g6 13.Nd5 Bg7 14.Bd2 O-O 15.
Bxh6 f5 16.Qb3 Kh7 17.Bxg7 Qxg7 18.exf5 Rae8+ 19.Ne3 Nd4 20.Qd3 Nxf5 21.
O-O-O Nxe3 22.fxe3 Qh6 23.Rde1 Re5 24.h4 Rfe8 25.Rh3 Re4 26.Kb1 Qg7 27.h5 
g5 28.Rf3 Re7 29.Ref1 b5 30.Rf7 Rxf7 31.Qxe4+ Kg8 32.Qe6 1-0

[Event "15th EUR-ch (w)"]
[Site "Plovdiv BUL"]
[Date "2014.07.10"]
[Round "5.19"]
[White "Szczepkowska-Horowska, Karina"]
[Black "Mamedyarova, Turkan"]
[Result "1-0"]
[WhiteElo "2369"]
[BlackElo "2205"]
[EventDate "2014.07.06"]
[PlyCount "81"]

1.Nc3 c6 2.d4 d5 3.e4 dxe4 4.Nxe4 Bf5 5.Ng3 Bg6 6.Nh3 e6 7.Nf4 Qc7 8.h4 
Bd6 9.Nxg6 hxg6 10.Ne4 Bf4 11.Bxf4 Qxf4 12.Ng5 Nd7 13.g3 Qf6 14.Bg2 O-O-O 
15.O-O Nh6 16.c3 Nf5 17.b4 Nb6 18.Qf3 Nd6 19.Qe2 Rhe8 20.Rfe1 Nbc4 21.a4 
a6 22.Nf3 Nb6 23.Ne5 Kc7 24.Qb2 Ndc4 25.Qe2 Nxe5 26.dxe5 Qf5 27.Bf1 g5 28.
hxg5 Qxg5 29.b5 axb5 30.axb5 c5 31.Bg2 Rd7 32.c4 Ra8 33.Qe4 Kb8 34.Rad1 
Qe7 35.Rd6 Rxd6 36.exd6 Qd7 37.Qe5 Na4 38.Qxg7 Nb6 39.Qe5 Nxc4 40.Qxc5 
Nxd6 41.Rd1 1-0

[Event "15th EUR-ch (w)"]
[Site "Plovdiv BUL"]
[Date "2014.07.10"]
[Round "5.20"]
[White "Golubenko, Valentina"]
[Black "Gvetadze, Sopio"]
[Result "1/2-1/2"]
[WhiteElo "2292"]
[BlackElo "2356"]
[EventDate "2014.07.06"]
[PlyCount "163"]

1.d4 Nf6 2.c4 c5 3.d5 d6 4.Nc3 g6 5.e4 Bg7 6.Bd3 O-O 7.h3 e6 8.Nf3 exd5 9.
cxd5 Re8 10.O-O a6 11.a4 c4 12.Bxc4 Nxe4 13.Nxe4 Rxe4 14.Qc2 Re8 15.Bg5 
Qb6 16.Rae1 Bd7 17.b3 a5 18.Bb5 Rf8 19.Be3 Qd8 20.Rc1 Na6 21.Bxa6 bxa6 22.
Qc7 Bf5 23.Bf4 Be4 24.Rfd1 Rc8 25.Qxc8 Qxc8 26.Rxc8 Rxc8 27.Bxd6 Rd8 28.
Ng5 Bc2 29.Rc1 Bf5 30.g4 Rxd6 31.gxf5 Rxd5 32.Rc8+ Bf8 33.Nxh7 Kxh7 34.
Rxf8 Rxf5 35.Rb8 Rf6 36.Kg2 Kg7 37.Kg3 Rc6 38.Rb7 Rd6 39.Kf3 Rd3+ 40.Kg2 
Rd6 41.Kg3 Rf6 42.f4 Kf8 43.Kg4 Ke8 44.h4 Kf8 45.Kf3 Kg7 46.Ke4 Kh6 47.Rc7
Kh5 48.Rc5+ Kxh4 49.Rxa5 Rb6 50.Kd5 Kg4 51.Kc5 Re6 52.b4 Kxf4 53.b5 axb5 
54.axb5 g5 55.Ra6 Re5+ 56.Kc6 f5 57.b6 Re8 58.Ra4+ Kg3 59.Ra5 Kg4 60.b7 
Rb8 61.Kc7 Rh8 62.Kd6 Rb8 63.Kc7 Rxb7+ 64.Kxb7 f4 65.Kc6 f3 66.Kd5 f2 67.
Ra1 Kf3 68.Ke5 g4 69.Ra3+ Kg2 70.Ra2 Kg3 71.Ra1 Kf3 72.Ra3+ Ke2 73.Ra2+ 
Kf3 74.Ra3+ Kg2 75.Ra1 Kf3 76.Ra3+ Ke2 77.Ra2+ Ke3 78.Ra3+ Ke2 79.Ra2+ Kf3
80.Ra3+ Kg2 81.Ra1 g3 82.Kf4 1/2-1/2

[Event "15th EUR-ch (w)"]
[Site "Plovdiv BUL"]
[Date "2014.07.10"]
[Round "5.21"]
[White "Stiazhkina, Olga"]
[Black "Kocetkova, Julia"]
[Result "0-1"]
[WhiteElo "2177"]
[BlackElo "2333"]
[EventDate "2014.07.06"]
[PlyCount "38"]

1.e4 d6 2.d4 Nf6 3.Nc3 Nbd7 4.f4 e5 5.Nf3 exd4 6.Qxd4 c6 7.a4 d5 8.exd5 
Bc5 9.Qd3 O-O 10.dxc6 bxc6 11.Bd2 Rb8 12.b3 Re8+ 13.Be2 Qe7 14.Kf1 Bb6 15.
Nd4 Qd6 16.Nf5 Qc5 17.Be1 Nf8 18.Ng3 Ng4 19.Nd1 Nxh2+ 0-1

[Event "15th EUR-ch (w)"]
[Site "Plovdiv BUL"]
[Date "2014.07.10"]
[Round "5.23"]
[White "Stetsko, Lanita"]
[Black "Guramishvili, Sopiko"]
[Result "0-1"]
[WhiteElo "2245"]
[BlackElo "2402"]
[EventDate "2014.07.06"]
[PlyCount "62"]

1.e4 c5 2.Nf3 d6 3.Bb5+ Nd7 4.O-O a6 5.Bd3 Ngf6 6.c3 b5 7.Bc2 Bb7 8.d3 e6 
9.Re1 Be7 10.Nbd2 O-O 11.Nf1 Rc8 12.Ng3 Qc7 13.Bg5 Rfe8 14.Qe2 h6 15.Bd2 
Bf8 16.h3 g6 17.Rac1 e5 18.d4 exd4 19.cxd4 Nxe4 20.Nxe4 d5 21.Ne5 dxe4 22.
Bxe4 Bg7 23.Ba5 Qxa5 24.Bxb7 Rc7 25.Bd5 Nxe5 26.dxe5 Rxe5 27.Qd1 Rxe1+ 28.
Qxe1 Qxe1+ 29.Rxe1 Bxb2 30.Re8+ Kg7 31.Ra8 c4 0-1

[Event "15th EUR-ch (w)"]
[Site "Plovdiv BUL"]
[Date "2014.07.10"]
[Round "5.24"]
[White "Savina, Anastasia"]
[Black "Dordzhieva, Dinara"]
[Result "1-0"]
[WhiteElo "2383"]
[BlackElo "2225"]
[EventDate "2014.07.06"]
[PlyCount "67"]

1.d4 f5 2.g3 Nf6 3.Bg2 g6 4.Nh3 Bg7 5.Nf4 O-O 6.h4 d6 7.d5 c6 8.h5 g5 9.h6
Bh8 10.Ne6 Bxe6 11.dxe6 g4 12.Qd3 Qa5+ 13.Bd2 Qe5 14.Qb3 Ne4 15.Rh5 Rf6 
16.Bxe4 Qxe4 17.Nc3 Qg2 18.O-O-O b5 19.Bg5 Qxf2 20.Nd5 cxd5 21.Qxd5 Nc6 
22.Bxf6 Bxf6 23.Qxc6 Rb8 24.Qd5 Be5 25.e4 Rc8 26.Qd3 Bxg3 27.Rxf5 Bf4+ 28.
Kb1 Qh2 29.e5 Bxe5 30.Rg5+ Kh8 31.Rxg4 Qxh6 32.Qe4 Qxe6 33.Rh1 h6 34.Rg6 
1-0

[Event "15th EUR-ch (w)"]
[Site "Plovdiv BUL"]
[Date "2014.07.10"]
[Round "5.25"]
[White "Ohme, Melanie"]
[Black "Abdulla, Khayala"]
[Result "0-1"]
[WhiteElo "2352"]
[BlackElo "2233"]
[EventDate "2014.07.06"]
[PlyCount "94"]

1.e4 e6 2.d4 d5 3.Nc3 Bb4 4.exd5 exd5 5.Bd3 Nc6 6.a3 Bxc3+ 7.bxc3 Be6 8.
Rb1 b6 9.Qf3 Nge7 10.Nh3 Qd7 11.Ng5 Bf5 12.O-O O-O 13.Qg3 Ng6 14.h4 f6 15.
h5 fxg5 16.hxg6 Bxd3 17.cxd3 hxg6 18.Bxg5 Qf5 19.Rbe1 Rae8 20.Re3 Rxe3 21.
Qxe3 Nd8 22.Re1 Nf7 23.Bf4 Nd6 24.Be5 Re8 25.Qd2 Qd7 26.Re3 Nf7 27.Qe2 c5 
28.Qf3 cxd4 29.Bxd4 Rxe3 30.fxe3 Nh6 31.e4 dxe4 32.Qxe4 Nf5 33.Be5 Qe7 34.
a4 Qa3 35.g4 Ne7 36.Kf2 Qa2+ 37.Kg3 Qe6 38.Kf3 Qf7+ 39.Ke3 Qf1 40.Qc4+ Kh7
41.Bg3 Qg2 42.Kf4 Nd5+ 43.Ke5 Nf6 44.Bf4 Qxg4 45.Kd6 Qd7+ 46.Ke5 Ng4+ 47.
Ke4 Qf5+ 0-1

[Event "15th EUR-ch (w)"]
[Site "Plovdiv BUL"]
[Date "2014.07.10"]
[Round "5.27"]
[White "Mirzoeva, Elmira"]
[Black "Cosma, Elena-Luminita"]
[Result "1/2-1/2"]
[WhiteElo "2241"]
[BlackElo "2344"]
[EventDate "2014.07.06"]
[PlyCount "92"]

1.d4 d5 2.c4 e6 3.Nf3 Nf6 4.Nc3 Be7 5.Bg5 O-O 6.Qc2 c6 7.e3 h6 8.Bh4 Nbd7 
9.Rd1 b6 10.cxd5 cxd5 11.Bd3 Bb7 12.O-O Rc8 13.Qe2 Ne4 14.Bxe7 Nxc3 15.
Bxd8 Nxe2+ 16.Bxe2 Rfxd8 17.Rc1 Kf8 18.Bb5 Nb8 19.Rfd1 Ke7 20.h4 f6 21.Kf1
Kd6 22.Ke1 Bc6 23.Bd3 Ba4 24.b3 Be8 25.Kd2 Bh5 26.Be2 Bg6 27.g4 Rxc1 28.
Rxc1 Nc6 29.Ne1 Ne7 30.f4 Rc8 31.Rd1 Be4 32.h5 g6 33.hxg6 Rg8 34.Nd3 Rxg6 
35.Nf2 f5 36.Nxe4+ dxe4 37.Rg1 Nd5 38.g5 hxg5 39.Rxg5 Rxg5 40.fxg5 Ke7 41.
a3 Kf8 42.Bh5 Kg7 43.Be8 Nc7 44.Bh5 Nd5 45.Be8 Nc7 46.Bh5 Nd5 1/2-1/2

[Event "15th EUR-ch (w)"]
[Site "Plovdiv BUL"]
[Date "2014.07.10"]
[Round "5.28"]
[White "Kulon, Klaudia"]
[Black "Ibrahimova, Sabina"]
[Result "1/2-1/2"]
[WhiteElo "2341"]
[BlackElo "2218"]
[EventDate "2014.07.06"]
[PlyCount "131"]

1.e4 c5 2.Nf3 Nc6 3.d4 cxd4 4.Nxd4 g6 5.Nc3 Bg7 6.Be3 Nf6 7.Bc4 O-O 8.Bb3 
a5 9.O-O a4 10.Nxa4 Nxe4 11.Nb5 Ra6 12.c4 d6 13.Qe2 Nf6 14.Rad1 Na5 15.Bc2
Be6 16.b3 Qb8 17.h3 Rc8 18.Nb6 Re8 19.Nd5 Rc6 20.Nxf6+ exf6 21.Qf3 f5 22.
Bd2 Ra6 23.Bxa5 Rxa5 24.Nxd6 Re7 25.a4 Be5 26.Nb5 Bd7 27.Qd3 Ra6 28.Nc3 f4
29.Nd5 Re8 30.f3 Qa7+ 31.Kh1 Rd6 32.Rfe1 Kg7 33.Qf1 Bc6 34.Nb4 Rxd1 35.
Bxd1 Bd7 36.Nd3 Bd6 37.Rxe8 Bxe8 38.Qe2 Qd4 39.c5 Bc7 40.b4 Bd7 41.Qb2 
Qxb2 42.Nxb2 Be6 43.b5 Ba5 44.Nd3 g5 45.b6 Bd5 46.g3 fxg3 47.Kg2 f5 48.
Kxg3 f4+ 49.Kg4 Kg6 50.Ne5+ Kf6 51.Nd7+ Ke7 52.Nb8 Kd8 53.c6 bxc6 54.b7 
Kc7 55.Na6+ Kxb7 56.Nc5+ Kb6 57.Nd7+ Kc7 58.Nf6 h6 59.Kh5 Be6 60.Kxh6 Bxh3
61.Kxg5 Bd2 62.Ne4 Be3 63.Kf6 Bd4+ 64.Kg5 Be3 65.Kf6 Bd4+ 66.Kg5 1/2-1/2

[Event "15th EUR-ch (w)"]
[Site "Plovdiv BUL"]
[Date "2014.07.10"]
[Round "5.29"]
[White "Kursova, Maria"]
[Black "Isgandarova, Khayala"]
[Result "1-0"]
[WhiteElo "2331"]
[BlackElo "2184"]
[EventDate "2014.07.06"]
[PlyCount "91"]

1.d4 Nf6 2.Nf3 g6 3.c4 Bg7 4.g3 d6 5.Bg2 O-O 6.O-O Nc6 7.Nc3 a6 8.d5 Na5 
9.Nd2 c5 10.Rb1 Rb8 11.b3 b5 12.Bb2 bxc4 13.bxc4 Ng4 14.Qc2 Ne5 15.Nce4 h6
16.Bc3 Rxb1 17.Rxb1 f5 18.Qa4 Naxc4 19.Nxc4 Nxc4 20.Bxg7 Kxg7 21.Nxc5 Ne5 
22.Nxa6 Bxa6 23.Qxa6 Qa8 24.Qxa8 Rxa8 25.Rb2 Ra3 26.e3 Kf6 27.Bf1 Ra5 28.
Bb5 Nf3+ 29.Kg2 Ne1+ 30.Kf1 Nf3 31.Kg2 Ne1+ 32.Kf1 Nf3 33.Ke2 Nxh2 34.a4 
Ng4 35.f3 Ne5 36.Rc2 Ra7 37.f4 Nd7 38.Bxd7 Rxd7 39.a5 Ra7 40.Ra2 e6 41.Kd3
exd5 42.a6 g5 43.Kd4 Kg6 44.Kxd5 Kh5 45.fxg5 hxg5 46.Ra4 1-0

[Event "15th EUR-ch (w)"]
[Site "Plovdiv BUL"]
[Date "2014.07.10"]
[Round "5.30"]
[White "Stiazhkina, Anna"]
[Black "Mammadova, Gulnar"]
[Result "0-1"]
[WhiteElo "2220"]
[BlackElo "2331"]
[EventDate "2014.07.06"]
[PlyCount "84"]

1.e4 e6 2.d4 d5 3.Nd2 Nc6 4.Ngf3 Nf6 5.e5 Nd7 6.Be2 f6 7.exf6 Qxf6 8.Nf1 
Bd6 9.Ne3 O-O 10.O-O Qg6 11.Bd3 Qh5 12.h3 Nf6 13.Re1 Bd7 14.c3 Rae8 15.Nf1
e5 16.Ng3 Qf7 17.Ng5 Qe7 18.dxe5 Bxe5 19.Qc2 g6 20.Nf3 Qg7 21.Nxe5 Nxe5 
22.Be3 b6 23.b4 Rf7 24.Red1 Qf8 25.a4 c5 26.a5 Bc6 27.Qd2 Nxd3 28.Qxd3 Nd7
29.Qc2 Ne5 30.axb6 axb6 31.Ra6 Rb8 32.Qe2 Qe8 33.Raa1 Bb5 34.Qd2 Nd3 35.
Ne2 Rd8 36.bxc5 bxc5 37.Ra5 Ne5 38.Qa2 Nc4 39.Bg5 Nxa5 40.Bxd8 Qxd8 41.
Rxd5 Qe7 42.Qxa5 Qxe2 0-1

[Event "15th EUR-ch (w)"]
[Site "Plovdiv BUL"]
[Date "2014.07.10"]
[Round "5.32"]
[White "Pavlidou, Ekaterini"]
[Black "Ozturk, Kubra"]
[Result "0-1"]
[WhiteElo "2209"]
[BlackElo "2311"]
[EventDate "2014.07.06"]
[PlyCount "82"]

1.d4 Nf6 2.c4 e6 3.Nc3 Bb4 4.e3 d5 5.Bd3 O-O 6.Ne2 b6 7.cxd5 exd5 8.O-O 
Bb7 9.a3 Bd6 10.Ng3 Re8 11.Bd2 Nbd7 12.Rc1 a6 13.Bb1 Ne4 14.Ncxe4 dxe4 15.
Nf5 Bf8 16.Ba2 Nf6 17.Bb4 Bxb4 18.axb4 Qd7 19.Ng3 Bd5 20.Bb1 c6 21.Rc3 b5 
22.f3 exf3 23.gxf3 a5 24.bxa5 b4 25.Rc5 Rxe3 26.Nf5 Re6 27.Qd2 Qc7 28.Kh1 
g6 29.Qh6 Nh5 30.Ne3 Qd8 31.Nxd5 cxd5 32.f4 Qh4 33.Qg5 Qh3 34.Qg2 Ng3+ 35.
Kg1 Qxg2+ 36.Kxg2 Nxf1 37.Kxf1 Rea6 38.Rxd5 Rxa5 39.Rxa5 Rxa5 40.Ke2 Ra1 
41.Be4 Ra2 0-1

[Event "15th EUR-ch (w)"]
[Site "Plovdiv BUL"]
[Date "2014.07.10"]
[Round "5.33"]
[White "Khalafova, Narmin"]
[Black "Sandu, Mihaela"]
[Result "0-1"]
[WhiteElo "2191"]
[BlackElo "2308"]
[EventDate "2014.07.06"]
[PlyCount "104"]

1.e4 c5 2.Nf3 d6 3.d4 cxd4 4.Nxd4 Nf6 5.Nc3 a6 6.Be3 e6 7.f3 b5 8.Qd2 Nbd7
9.g4 Nb6 10.a4 Nc4 11.Bxc4 bxc4 12.a5 Bb7 13.Na4 Qc7 14.O-O-O Nd7 15.Nb6 
Nxb6 16.axb6 Qd7 17.Ne2 Be7 18.Qc3 O-O 19.Bd4 f6 20.Qxc4 Rfc8 21.Qa2 a5 
22.Nf4 Kf7 23.Rd3 a4 24.e5 g5 25.exf6 Bf8 26.Nh3 h6 27.Re3 Bd5 28.Qb1 e5 
29.Rhe1 Kg8 30.c3 Qh7 31.Qxh7+ Kxh7 32.Bxe5 dxe5 33.Rd3 Bc6 34.Rxe5 a3 35.
Kb1 Kg6 36.Re6 Kf7 37.Re5 Rab8 38.b4 Rxb6 39.Ka2 Bb5 40.Rxb5 Rxb5 41.Kxa3 
Rb6 42.Nf2 Rxc3+ 43.Rxc3 Bxb4+ 44.Kb3 Bxc3+ 45.Kxc3 Rxf6 46.Kd2 Rxf3 47.
Nd3 Rh3 48.Ke2 Rxh2+ 49.Kf3 Ke6 50.Ke3 Rh3+ 51.Ke4 Rxd3 52.Kxd3 Ke5 0-1

[Event "15th EUR-ch (w)"]
[Site "Plovdiv BUL"]
[Date "2014.07.10"]
[Round "5.34"]
[White "Kazimova, Narmin"]
[Black "Ambartsumova, Karina"]
[Result "1/2-1/2"]
[WhiteElo "2180"]
[BlackElo "2301"]
[EventDate "2014.07.06"]
[PlyCount "89"]

1.d4 Nf6 2.c4 e6 3.Nf3 d5 4.Nc3 Bb4 5.Qa4+ Nc6 6.e3 O-O 7.Bd2 dxc4 8.Bxc4 
a6 9.O-O Bd6 10.Qc2 e5 11.d5 Ne7 12.e4 Ng6 13.h3 Qe7 14.Rfc1 Bd7 15.Be3 h6
16.a3 Rfc8 17.Qd2 Nh5 18.Bf1 Nhf4 19.Kh2 Qf6 20.Qd1 Qe7 21.g3 Nh5 22.Nd2 
Nf6 23.Nc4 Bc5 24.b4 Bxe3 25.Nxe3 Ne8 26.Be2 Nd6 27.Bg4 Nf8 28.Qd3 a5 29.
Bxd7 Nxd7 30.Nb5 axb4 31.axb4 Rxa1 32.Rxa1 Nf6 33.Nxd6 cxd6 34.Ra2 g6 35.
Rc2 Rxc2 36.Qxc2 Qd7 37.Qc4 Kf8 38.b5 Qd8 39.Kg2 Ke7 40.Qb4 Qc7 41.Kf3 Nd7
42.Nc4 b6 43.Ke3 Nc5 44.h4 h5 45.f3 1/2-1/2

[Event "15th EUR-ch (w)"]
[Site "Plovdiv BUL"]
[Date "2014.07.10"]
[Round "5.35"]
[White "Kouvatsou, Maria"]
[Black "Galoian, Lilit"]
[Result "0-1"]
[WhiteElo "2152"]
[BlackElo "2277"]
[EventDate "2014.07.06"]
[PlyCount "147"]

1.e4 c5 2.c3 Nf6 3.e5 Nd5 4.d4 cxd4 5.Nf3 e6 6.cxd4 d6 7.Bb5+ Bd7 8.Bxd7+ 
Nxd7 9.O-O Qc7 10.Bg5 dxe5 11.dxe5 h6 12.Bh4 Bb4 13.a3 Qa5 14.Qb3 Rc8 15.
axb4 Qxa1 16.Nc3 Rxc3 17.bxc3 Qxc3 18.Qb1 Qxb4 19.Qa1 Nc3 20.Qxa7 O-O 21.
Qe3 Nd5 22.Qe2 Rc8 23.h3 b5 24.Ra1 Qc4 25.Qd2 b4 26.Be7 Qc3 27.Qxc3 bxc3 
28.Bd6 Nc5 29.Nd4 Nb4 30.Kf1 Ncd3 31.Bxb4 Nxb4 32.Ke2 g5 33.g3 Kg7 34.Nb3 
Rb8 35.Nc5 Nd5 36.Nd3 Rb2+ 37.Kf3 Rd2 38.Ke4 Re2+ 39.Kf3 Rd2 40.Ke4 h5 41.
Ra8 Rd1 42.Rc8 Rd2 43.Rc4 Kh7 44.Rc8 Kg7 45.Rc4 Kf8 46.Rc8+ Ke7 47.Rc4 h4 
48.gxh4 gxh4 49.Rc8 Rd1 50.Nf4 Rd2 51.Nd3 Re2+ 52.Kf3 Ra2 53.Rc4 Ra3 54.
Ke4 Nb6 55.Rc7+ Kf8 56.Nc1 Kg7 57.Rc6 Ra4+ 58.Kd3 Nd5 59.Rc8 Rf4 60.Ke2 
Re4+ 61.Kf3 Rxe5 62.Ne2 Rf5+ 63.Kg2 Rg5+ 64.Kf1 Rf5 65.Nxc3 Nf4 66.Rc4 
Nxh3 67.Nd1 Rf4 68.Rc5 f6 69.Kg2 Ng5 70.Rc7+ Kg6 71.Rc8 h3+ 72.Kh2 Rd4 73.
Ne3 Rd2 74.Kg3 0-1

[Event "15th EUR-ch (w)"]
[Site "Plovdiv BUL"]
[Date "2014.07.10"]
[Round "5.36"]
[White "Nevioselaya, Maria"]
[Black "Olsarova, Karolina"]
[Result "1/2-1/2"]
[WhiteElo "2039"]
[BlackElo "2274"]
[EventDate "2014.07.06"]
[PlyCount "82"]

1.e4 e5 2.Nf3 Nc6 3.Bb5 Nf6 4.O-O Nxe4 5.d4 Nd6 6.Bxc6 dxc6 7.dxe5 Nf5 8.
Qxd8+ Kxd8 9.Nc3 Bd7 10.b3 Kc8 11.Bb2 Be7 12.Rad1 Rd8 13.h3 a5 14.a4 b6 
15.Ne2 c5 16.g4 Bc6 17.Rxd8+ Kxd8 18.Ne1 Nh4 19.e6 Ke8 20.Bxg7 fxe6 21.Nf4
Bd6 22.Bf6 Bxf4 23.Bxh4 c4 24.Ng2 Bd6 25.Ne3 cxb3 26.cxb3 b5 27.axb5 Bxb5 
28.Ra1 Kf7 29.f3 Be5 30.Ra2 c6 31.Be1 Bd4 32.Kf2 Bb6 33.Bc3 Ra7 34.f4 a4 
35.bxa4 Bxa4 36.Ra1 Bb5 37.Rxa7+ Bxa7 38.Kf3 Bd3 39.Nd1 Bb6 40.Nf2 Bxf2 
41.Kxf2 c5 1/2-1/2

[Event "15th EUR-ch (w)"]
[Site "Plovdiv BUL"]
[Date "2014.07.10"]
[Round "5.37"]
[White "Manakova, Maria"]
[Black "Petrukhina, Irina"]
[Result "1/2-1/2"]
[WhiteElo "2273"]
[BlackElo "2156"]
[EventDate "2014.07.06"]
[PlyCount "81"]

1.c4 Nf6 2.Nf3 g6 3.Nc3 d5 4.cxd5 Nxd5 5.Qa4+ c6 6.Nxd5 Qxd5 7.e4 Qd6 8.d4
Bg7 9.Be3 Nd7 10.Be2 O-O 11.O-O Nb6 12.Qc2 Kh8 13.Qd2 Be6 14.Bf4 Qd8 15.
Bh6 f5 16.Bxg7+ Kxg7 17.Ng5 Bg8 18.exf5 Rxf5 19.Bg4 Rd5 20.f4 Rxd4 21.Qc3 
e5 22.Be6 Nd5 23.Bxd5 Bxd5 24.Qe3 Qe7 25.Rae1 Rb4 26.b3 h6 27.Qc3 b6 28.
Rxe5 Qc5+ 29.Qxc5 bxc5 30.Ne6+ Bxe6 31.Rxe6 c4 32.Re4 Rab8 33.Re7+ Kf6 34.
Rfe1 cxb3 35.axb3 Rxf4 36.R1e6+ Kg5 37.h4+ Rxh4 38.Rg7 Rxb3 39.Rgxg6+ Kf5 
40.Rgf6+ Kg5 41.Rg6+ 1/2-1/2

[Event "15th EUR-ch (w)"]
[Site "Plovdiv BUL"]
[Date "2014.07.10"]
[Round "5.38"]
[White "Guseva, Marina"]
[Black "Galunova, Tsveta"]
[Result "1-0"]
[WhiteElo "2362"]
[BlackElo "2125"]
[EventDate "2014.07.06"]
[PlyCount "55"]

1.d4 d5 2.c4 c6 3.Nc3 Nf6 4.e3 e6 5.Nf3 Nbd7 6.Bd3 dxc4 7.Bxc4 b5 8.Bd3 
Bd6 9.O-O O-O 10.b3 Bb7 11.Bb2 a6 12.a4 Qe7 13.Rc1 Rac8 14.Qe2 e5 15.dxe5 
Nxe5 16.Nxe5 Bxe5 17.f4 Bb8 18.e4 b4 19.Nd1 a5 20.Ne3 Rfe8 21.Nf5 Qe6 22.
e5 Nd7 23.Qg4 g6 24.Nh6+ Kg7 25.f5 Qd5 26.fxg6 fxg6 27.Rf7+ Kh8 28.Rxh7+ 
1-0

[Event "15th EUR-ch (w)"]
[Site "Plovdiv BUL"]
[Date "2014.07.10"]
[Round "5.39"]
[White "Bulmaga, Irina"]
[Black "Tsolakidou, Stavroula"]
[Result "1-0"]
[WhiteElo "2357"]
[BlackElo "2157"]
[EventDate "2014.07.06"]
[PlyCount "115"]

1.e4 c5 2.Nf3 d6 3.d4 cxd4 4.Nxd4 Nf6 5.Nc3 a6 6.h3 e5 7.Nde2 Be7 8.g4 O-O
9.Ng3 Be6 10.Bg2 Nbd7 11.Nf5 Ne8 12.Be3 Rc8 13.Qd2 b5 14.a3 Bxf5 15.exf5 
Nb6 16.Bxb6 Qxb6 17.g5 Qd4 18.h4 Qg4 19.Nd5 Bd8 20.Ne3 Qf4 21.O-O-O Rc5 
22.Kb1 a5 23.Rh3 b4 24.a4 b3 25.cxb3 Bb6 26.Ka2 Bd8 27.Rg3 h5 28.Qe2 g6 
29.Rf3 Qxh4 30.Rh1 Qd4 31.Rfh3 Bxg5 32.Rxh5 Bf6 33.Rh6 Bg7 34.R6h4 e4 35.
Rxe4 Qf6 36.Ng4 Qxf5 37.Bh3 Qd5 38.Bg2 Qf5 39.Ne3 Qc8 40.Reh4 Nf6 41.Qd3 
Qe6 42.Rd4 Rd8 43.Rd1 Ne8 44.Rd5 Rb8 45.Rd2 Be5 46.Rxc5 dxc5 47.Bd5 Qe7 
48.Qxg6+ Bg7 49.Nf5 Qf6 50.Bxf7+ Kf8 51.Bxe8 Rxe8 52.Qxg7+ Qxg7 53.Nxg7 
Kxg7 54.Rd5 Rc8 55.f4 Kf6 56.f5 Rc6 57.Kb1 Rc8 58.Kc2 1-0

[Event "15th EUR-ch (w)"]
[Site "Plovdiv BUL"]
[Date "2014.07.10"]
[Round "5.40"]
[White "Yordanova, Svetla"]
[Black "Vasilevich, Irina"]
[Result "0-1"]
[WhiteElo "2101"]
[BlackElo "2328"]
[EventDate "2014.07.06"]
[PlyCount "106"]

1.e4 c5 2.c3 e6 3.d4 d5 4.e5 Nc6 5.Nf3 Qb6 6.a3 c4 7.Nbd2 Na5 8.Be2 Bd7 9.
Rb1 Be7 10.b4 cxb3 11.c4 Ba4 12.O-O Nh6 13.Bd3 Rc8 14.c5 Qc6 15.Qe2 O-O 
16.Bb2 b6 17.Rfc1 Nb7 18.cxb6 Qxb6 19.h4 Nf5 20.g4 Nxh4 21.Nxh4 Bxh4 22.
Kg2 g6 23.Qe3 Rxc1 24.Rxc1 Qd8 25.f4 f5 26.g5 Bxg5 27.fxg5 f4 28.Qh3 Qxg5+
29.Kf3 Nd8 30.Rh1 h5 31.Qh4 Nf7 32.Qxg5 Nxg5+ 33.Ke2 Kg7 34.Rg1 Kh6 35.Bc3
Rc8 36.Bb4 b2 37.Rb1 Rc1 38.Rxb2 Bd1+ 39.Kf2 Nh3+ 40.Kg2 Bg4 41.Bf8+ Kh7 
42.Kh2 Nf2 43.Bf1 Bf5 44.Kg2 Ng4 45.Rb7+ Kg8 46.Bb4 Be4+ 47.Nxe4 dxe4 48.
Rb8+ Kh7 49.Bb5 Rc2+ 50.Kf1 f3 51.Rb7+ Kh6 52.Ke1 f2+ 53.Kd1 Ne3# 0-1

[Event "15th EUR-ch (w)"]
[Site "Plovdiv BUL"]
[Date "2014.07.10"]
[Round "5.41"]
[White "Fuchs, Judith"]
[Black "Sargsian, Shushanna"]
[Result "1/2-1/2"]
[WhiteElo "2280"]
[BlackElo "2107"]
[EventDate "2014.07.06"]
[PlyCount "88"]

1.e4 c6 2.c4 d5 3.exd5 cxd5 4.cxd5 Nf6 5.Nc3 g6 6.Bb5+ Nbd7 7.Nf3 Bg7 8.
O-O O-O 9.d6 exd6 10.d4 Nb6 11.Bg5 a6 12.Bd3 Be6 13.Re1 Qd7 14.a4 Nbd5 15.
a5 Nb4 16.Bb1 Nfd5 17.Nxd5 Bxd5 18.Be4 Rfe8 19.Bxd5 Nxd5 20.Qb3 Rxe1+ 21.
Rxe1 Qb5 22.Qa3 Qb4 23.Qxb4 Nxb4 24.Re7 Nc6 25.Rxb7 Nxa5 26.Rd7 Nc4 27.b3 
Na5 28.Nd2 Bxd4 29.Rxd6 Bc5 30.Rd3 Re8 31.Kf1 Kg7 32.f3 h6 33.Bf4 Re7 34.
Ne4 Bb4 35.Bc1 f5 36.Bb2+ Kf7 37.Nc3 Rb7 38.Ne2 Be7 39.Nc1 Nc6 40.g3 Nb4 
41.Rd1 Rc7 42.Ke2 Bg5 43.f4 Be7 44.h3 h5 1/2-1/2

[Event "15th EUR-ch (w)"]
[Site "Plovdiv BUL"]
[Date "2014.07.10"]
[Round "5.42"]
[White "Vovk, Oksana"]
[Black "Foisor, Mihaela-Veronica"]
[Result "0-1"]
[WhiteElo "2083"]
[BlackElo "2257"]
[EventDate "2014.07.06"]
[PlyCount "112"]

1.d4 Nf6 2.c4 e6 3.Nf3 d5 4.e3 c6 5.Nbd2 Nbd7 6.b3 Bd6 7.Bb2 O-O 8.Bd3 Qe7
9.Ne5 Bb4 10.O-O Nxe5 11.dxe5 Nd7 12.a3 Ba5 13.b4 Bc7 14.f4 a5 15.c5 b6 
16.Rf3 f5 17.exf6 Nxf6 18.cxb6 Bxb6 19.bxa5 Rxa5 20.Nb3 Ra7 21.Nd4 Bd7 22.
Rg3 c5 23.Ne2 Be8 24.Rb1 Qd8 25.Rh3 Bg6 26.Bxg6 hxg6 27.Qc2 d4 28.exd4 
cxd4 29.Qd3 Rd7 30.Rd1 Qb8 31.Kh1 Ng4 32.Kg1 e5 33.fxe5 Nxe5 34.Qb3+ Rff7 
35.Kh1 Ng4 36.Bxd4 Qa7 37.Rc1 Rxd4 38.Rf3 Rd6 39.h3 Ne5 40.Rxf7 Qxf7 41.
Qxf7+ Kxf7 42.Rc3 Rd2 43.Nc1 g5 44.Kh2 Ng6 45.Rd3 Rc2 46.Nb3 Rb2 47.Nd2 
Nf4 48.Rd6 Bc5 49.Rc6 Rxd2 50.Rxc5 Rxg2+ 51.Kh1 Rg3 52.a4 Rxh3+ 53.Kg1 Ra3
54.Ra5 Kg6 55.Ra8 g4 56.Rf8 Rxa4 0-1

[Event "15th EUR-ch (w)"]
[Site "Plovdiv BUL"]
[Date "2014.07.10"]
[Round "5.43"]
[White "Dragomirescu, Angela"]
[Black "Mareckova, Martina"]
[Result "0-1"]
[WhiteElo "2251"]
[BlackElo "2094"]
[EventDate "2014.07.06"]
[PlyCount "108"]

1.Nf3 Nf6 2.b3 g6 3.Bb2 Bg7 4.g3 d5 5.c4 dxc4 6.bxc4 c5 7.Bg2 O-O 8.O-O 
Nc6 9.d3 Re8 10.Nc3 e5 11.Nd2 Bd7 12.Nd5 Rc8 13.Nxf6+ Bxf6 14.Ne4 Be7 15.
Qd2 Bf5 16.Nc3 Bg5 17.f4 exf4 18.gxf4 Qd4+ 19.Kh1 Bf6 20.Na4 Qd6 21.Bxf6 
Qxf6 22.Nxc5 b6 23.Ne4 Qe7 24.Ng3 Bg4 25.e4 Nd4 26.Qf2 Red8 27.e5 Bf5 28.
Bd5 Qc5 29.Be4 Bh3 30.Rg1 Nb3 31.Qxc5 Nxc5 32.Bd5 Nxd3 33.Ne4 Nxf4 34.Nf6+
Kg7 35.Rg3 b5 36.Bb7 Rxc4 37.Nd5 Bg2+ 38.Rxg2 Nxg2 39.Kxg2 Rd7 40.Ne3 Rxb7
41.Nxc4 bxc4 42.Kg3 c3 43.Rc1 Rc7 44.Rc2 Kf8 45.Kf3 Ke7 46.Ke4 Ke6 47.Kd4 
g5 48.Ke4 h5 49.Kd4 g4 50.Ke4 h4 51.Kd4 g3 52.hxg3 hxg3 53.Ke4 g2 54.Rc1 
c2 0-1

[Event "15th EUR-ch (w)"]
[Site "Plovdiv BUL"]
[Date "2014.07.10"]
[Round "5.44"]
[White "Olsarova, Tereza"]
[Black "Amrayeva, Aytan"]
[Result "1-0"]
[WhiteElo "2251"]
[BlackElo "2065"]
[EventDate "2014.07.06"]
[PlyCount "77"]

1.e4 c5 2.Nf3 Nc6 3.d4 cxd4 4.Nxd4 Nf6 5.Nc3 e5 6.Ndb5 d6 7.Bg5 a6 8.Na3 
b5 9.Bxf6 gxf6 10.Nd5 Be6 11.g3 f5 12.exf5 Bxf5 13.Bg2 Rc8 14.c3 Bg7 15.
O-O O-O 16.Nc2 Ne7 17.Nce3 Be6 18.a4 Nxd5 19.Bxd5 Bh3 20.Re1 Qd7 21.axb5 
axb5 22.Ra6 Kh8 23.Be4 f5 24.Rxd6 Qe7 25.Rd7 Qg5 26.Bg2 Bxg2 27.Nxg2 b4 
28.f4 exf4 29.Nxf4 Qf6 30.Re6 Qg5 31.Ree7 Rg8 32.Qh5 Qxh5 33.Nxh5 bxc3 34.
bxc3 f4 35.Nxg7 fxg3 36.Nf5 gxh2+ 37.Kxh2 Rg5 38.Rxh7+ Kg8 39.Nh6+ 1-0

[Event "15th EUR-ch (w)"]
[Site "Plovdiv BUL"]
[Date "2014.07.10"]
[Round "5.45"]
[White "Havlikova, Kristyna"]
[Black "Kaya, Emel"]
[Result "1-0"]
[WhiteElo "2229"]
[BlackElo "1987"]
[EventDate "2014.07.06"]
[PlyCount "85"]

1.e4 e5 2.Nf3 Nc6 3.Bb5 a6 4.Ba4 Nge7 5.Nc3 d6 6.O-O Ng6 7.h3 Be7 8.Bxc6+ 
bxc6 9.d4 O-O 10.dxe5 dxe5 11.Be3 Be6 12.Qxd8 Rfxd8 13.Rfd1 f6 14.Na4 Kf7 
15.b3 Nf8 16.Bc5 Bd6 17.Kf1 Ke7 18.Rd2 Bf7 19.Rad1 Rab8 20.Ne1 Ne6 21.Be3 
Bb4 22.c3 Rxd2 23.Rxd2 Bd6 24.Nd3 Ke8 25.Ndb2 Nd8 26.Ba7 Rb5 27.Be3 Rb8 
28.Nd3 Ne6 29.Nab2 Nd8 30.Bc5 a5 31.Be3 Nb7 32.Na4 Rd8 33.Ke2 g6 34.c4 Rb8
35.Ndc5 Nxc5 36.Bxc5 Ke7 37.Be3 Ke8 38.Rc2 Be6 39.Bd2 Ra8 40.Bc3 g5 41.g4 
Kd7 42.Rd2 Kc8 43.Nb6+ 1-0